Kiểm tra đánh giá trong dạy học ngoại ngữ

Guardado en:
Detalles Bibliográficos
Formato: Libro
Etiquetas: Agregar Etiqueta
Sin Etiquetas, Sea el primero en etiquetar este registro!
Thư viện lưu trữ: Mạng thư viện Đại học Đà Nẵng
LEADER 00423nam a22001571a 4500
001 000036043
003 12335
005 20160322090148.0
008 160322s0 000
245 |a Kiểm tra đánh giá trong dạy học ngoại ngữ  |c Ng Phạm Thanh Uyên 
OWN |a LNN 
999 |a From the UDN01 
TYP |a Monograph 
980 |a Mạng thư viện Đại học Đà Nẵng